Autorretrato de otro (Registro nro. 8995)
[ vista simple ]
| 000 -CABECERA | |
|---|---|
| Longitud fija campo de control | 01436nam a2200349 i 4500 |
| 005 - • FECHA Y HORA DE LA ÚLTIMA TRANSACCIÓN | |
| Fecha y hora de la última transacción | 20220317002037.0 |
| 007 - • CAMPO FIJO DE DESCRIPCIÓN FÍSICA | |
| Campo fijo de descripción física | ta |
| 008 - • CÓDIGOS DE INFORMACIÓN DE LONGITUD FIJA | |
| Códigos de información de longitud fija | 201109m19932016ck a er 001 pdspa d |
| 020 ## - • NÚMERO INTERNACIONAL NORMALIZADO PARA LIBROS | |
| Número Internacional Normalizado para Libros (ISBN) | 9789587743708 |
| 040 ## - FUENTE DE LA CATALOGACIÓN | |
| Centro catalogador de origen | CO-BoRNBP |
| Lengua de catalogación | spa |
| Normas de descripción | rda |
| Centro transcriptor | CO-BoRNBP |
| 041 1# - • CÓDIGO DE LENGUA | |
| Código de lengua del texto/banda sonora o título independiente | spa |
| Código de lengua original | dut |
| 084 ## - • Clasificación Local Alfanúmerica PNLB | |
| Número de clasificación | P NOO1 |
| 100 1# - • PUNTO DE ACCESO PRINCIPAL-NOMBRE DE PERSONA | |
| Nombre de persona | Nooteboom, Cees |
| Fechas asociadas al nombre | 1933- |
| Término indicativo de función | autor |
| 245 10 - • TITULO PROPIAMENTE DICHO | |
| Título | Autorretrato de otro |
| Resto del título | sueños de la isla y la ciudad de antaño |
| Mención de responsabilidad, etc. | Cees Nooteboom ; dibujos de Max Neumann ; prólogo de Alberto Manguel ; traducción de Fernando García de la Banda |
| 250 ## - • MENCIÓN DE EDICIÓN | |
| Mención de edición | Segunda edición |
| 264 #1 - PRODUCCIÓN, PUBLICACIÓN , DISTRIBUCIÓN, FABRICACIÓN Y COPYRIGHT | |
| Lugar de producción, publicación, distribución, fabricación | Bogotá |
| Nombre del productor, editor, distribuidor, fabricante | Universidad de los Andes |
| -- | Casa de Poesía Silva |
| Fecha de de producción, publicación, distribución, fabricación o copyright | 1993 |
| -- | 2016 |
| 300 ## - • DESCRIPCIÓN FÍSICA | |
| Extensión | 123 páginas |
| Dimensiones | 23 cm |
| 336 ## - TIPO DE CONTENIDO | |
| Fuente | rdacontent |
| Término de tipo de contenido | texto |
| Código de tipo de contenido | txt |
| 337 ## - TIPO DE MEDIO | |
| Fuente | rdamedia |
| Nombre del tipo de medio | sin mediación |
| Código del tipo de medio | n |
| 338 ## - TIPO DE SOPORTE | |
| Fuente | rdacarrier |
| Nombre del tipo de soporte | volumen |
| Código del tipo de soporte | nc |
| 521 ## - • NOTA DE PÚBLICO DESTINATARIO | |
| Nota público destinatario (R ) | Recomendado para público adulto |
| 534 ## - • Nota De Versión Original | |
| Título | Zelfportret van een ander. Dromen van het eiland en de stad van vroeger |
| 545 ## - DATOS BIOGRÁFICOS O HISTÓRICOS | |
| Datos bigr´ficos o históricos | Incluye datos biográficos del autor, ilustrador, prologuista y traductor en las solapas |
| 650 17 - • PUNTO DE ACCESO ADICIONAL DE MATERIA - TÉRMINO DE MATERIA | |
| Fuente del encabezamiento o término | LEMB |
| Término de materia o nombre geográfico como elemento inicial | Poesía holandesa |
| Subdivisión cronológica | Siglo XX |
| 650 17 - • PUNTO DE ACCESO ADICIONAL DE MATERIA - TÉRMINO DE MATERIA | |
| Fuente del encabezamiento o término | LEMB |
| Término de materia o nombre geográfico como elemento inicial | Literatura holandesa |
| Subdivisión cronológica | Siglo XX |
| 650 17 - • PUNTO DE ACCESO ADICIONAL DE MATERIA - TÉRMINO DE MATERIA | |
| Fuente del encabezamiento o término | LEMB |
| Término de materia o nombre geográfico como elemento inicial | Autores holandeses |
| Subdivisión cronológica | Siglo XX |
| 650 17 - • PUNTO DE ACCESO ADICIONAL DE MATERIA - TÉRMINO DE MATERIA | |
| Fuente del encabezamiento o término | LEMB |
| Término de materia o nombre geográfico como elemento inicial | Paisaje |
| Subdivisión de forma | Poesía |
| 700 1# - • PUNTO DE ACCESO ADICIONAL - NOMBRE DE PERSONA | |
| Nombre de persona | Neumann, Max |
| Término indicativo de función | ilustrador |
| 700 1# - • PUNTO DE ACCESO ADICIONAL - NOMBRE DE PERSONA | |
| Nombre de persona | Manguel, Alberto |
| Fechas asociadas al nombre | 1948- |
| Término indicativo de función | prologuista |
| 700 1# - • PUNTO DE ACCESO ADICIONAL - NOMBRE DE PERSONA | |
| Nombre de persona | García de la Banda, Fernando |
| Término indicativo de función | traductor |
| 942 ## - ENTRADA DE ELEMENTOS AGREGADOS (KOHA) | |
| Fuente de clasificaión o esquema | |
| Koha [por defecto] tipo de item | Libro Literatura |
No hay ítems disponibles.